[Event "Oebro Nytaar 2019"]
[Site "Copenhagen"]
[Date "2019.12.27"]
[Round "1"]
[White "Carstensen, Jacob"]
[Black "Hove, Svend Kjems"]
[Result "1-0"]
[WhiteElo "2358"]
[BlackElo "1910"]
[PlyCount "79"]
[EventDate "2019.12.27"]
[EventType "swiss"]
[EventRounds "7"]
[EventCountry "DEN"]

1. d4 c5 2. d5 e5 3. e4 d6 4. Bb5+ Nd7 5. Ne2 a6 6. Bxd7+ Bxd7 7. O-O g6 8. f4
exf4 9. Bxf4 Qb6 10. Nd2 O-O-O 11. Nc4 Qc7 12. e5 b5 13. exd6 Qa7 14. Ne5 Nh6
15. Bxh6 Bxh6 16. Nxf7 Be3+ 17. Kh1 Bg4 18. Nxd8 Rxd8 19. h3 Bd7 20. Rf7 Qb6
21. Qd3 Bg5 22. Nc3 c4 23. Qg3 Be3 24. Re1 Re8 25. Nd1 Bc5 26. Rxe8+ Bxe8 27.
Rc7+ Kb8 28. d7 Bxd7 29. Rxd7+ Kc8 30. Rxh7 Bd4 31. Qg4+ Kb8 32. Qf4+ Ka8 33.
Qf8+ Qb8 34. Qxb8+ Kxb8 35. c3 Be5 36. Rh6 Kb7 37. Rxg6 a5 38. Re6 Bh8 39. g4
b4 40. Re4 1-0

[Event "Oebro Nytaar 2019"]
[Site "Copenhagen"]
[Date "2019.12.27"]
[Round "1"]
[White "Falkesgaard, Jeppe Hald"]
[Black "Kristiansen, Jens"]
[Result "0-1"]
[WhiteElo "1934"]
[BlackElo "2408"]
[PlyCount "72"]
[EventDate "2019.12.27"]
[EventType "swiss"]
[EventRounds "7"]
[EventCountry "DEN"]

1. d4 Nf6 2. c4 c5 3. d5 e5 4. Nc3 d6 5. e4 g6 6. g3 Bg7 7. Bg2 O-O 8. Nge2
Nbd7 9. O-O a6 10. a4 Ne8 11. f4 exf4 12. gxf4 f5 13. Ng3 Qh4 14. Qd3 Ndf6 15.
Bd2 Ng4 16. h3 Bd4+ 17. Kh1 Nf2+ 18. Rxf2 Bxf2 19. Nce2 fxe4 20. Nxe4 Bf5 21.
Qf3 Bxe4 22. Qxe4 Ng7 23. Rf1 Rae8 24. Qf3 Bd4 25. Nxd4 cxd4 26. Bb4 Nf5 27.
Kh2 Re3 28. Qg4 Qe7 29. Bf3 Rb3 30. Bd2 Rxb2 31. Rf2 Qf6 32. Qg1 Ne3 33. Bxe3
dxe3 34. Rxb2 Qxb2+ 35. Qg2 Qxg2+ 36. Kxg2 Rxf4 0-1

[Event "Oebro Nytaar 2019"]
[Site "Copenhagen"]
[Date "2019.12.27"]
[Round "1"]
[White "Jacobsen, Mikkel Manosri"]
[Black "Rubin, Cornelius Majgaard"]
[Result "0-1"]
[WhiteElo "2348"]
[BlackElo "1882"]
[PlyCount "76"]
[EventDate "2019.12.27"]
[EventType "swiss"]
[EventRounds "7"]
[EventCountry "DEN"]

1. d4 d5 2. c4 c6 3. Nf3 Nf6 4. e3 Bf5 5. Nc3 a6 6. h3 h6 7. Qb3 Ra7 8. Be2 e6
9. O-O Bd6 10. Bd2 O-O 11. Rfc1 Nbd7 12. Be1 Qe7 13. Bf1 Rd8 14. c5 Bc7 15. Qd1
e5 16. b4 e4 17. Nd2 g5 18. a4 g4 19. b5 Raa8 20. b6 Bb8 21. hxg4 Nxg4 22. g3
h5 23. Bg2 h4 24. Nf1 hxg3 25. f4 exf3 26. Qxf3 Qg5 27. Nxg3 Nxe3 28. Nxf5 Nxf5
29. Rd1 Re8 30. Bd2 Qg6 31. Re1 Bg3 32. Ne2 Bxe1 33. Bxe1 Re3 34. Qf2 Nf6 35.
Bd2 Ne4 36. Qxe3 Nxe3 37. Bxe3 Re8 38. Bf4 Qg4 0-1

[Event "Oebro Nytaar 2019"]
[Site "Copenhagen"]
[Date "2019.12.27"]
[Round "1"]
[White "Jorgensen, Alexander Torp"]
[Black "Matthiesen, Martin"]
[Result "0-1"]
[WhiteElo "1853"]
[BlackElo "2249"]
[PlyCount "68"]
[EventDate "2019.12.27"]
[EventType "swiss"]
[EventRounds "7"]
[EventCountry "DEN"]

1. c4 g6 2. Nc3 Bg7 3. Nf3 Nf6 4. b3 O-O 5. Bb2 d6 6. e3 e5 7. Be2 Re8 8. O-O
Nc6 9. d3 h6 10. Nd2 Be6 11. b4 Nxb4 12. Qb3 Na6 13. Qxb7 Nc5 14. Qb4 Bg4 15.
f3 Bc8 16. Nb3 Nfd7 17. Nxc5 Nxc5 18. Ne4 Ne6 19. f4 f5 20. Ng3 exf4 21. Nxf5
gxf5 22. Bxg7 Nxg7 23. Bf3 a5 24. Qe1 Rb8 25. Bd5+ Be6 26. Rxf4 Qf6 27. Rc1 c5
28. Qxa5 Bxd5 29. cxd5 Rxe3 30. Qa7 Rb2 31. Rcf1 Ree2 32. R1f2 Rxf2 33. Rxf2
Rb1+ 34. Rf1 Qd4+ 0-1

[Event "Oebro Nytaar 2019"]
[Site "Copenhagen"]
[Date "2019.12.27"]
[Round "1"]
[White "Nielsen, Carsten Juul"]
[Black "Haubro, Martin"]
[Result "0-1"]
[WhiteElo "1902"]
[BlackElo "2349"]
[PlyCount "66"]
[EventDate "2019.12.27"]
[EventType "swiss"]
[EventRounds "7"]
[EventCountry "DEN"]

1. d4 Nf6 2. c4 c5 3. d5 e6 4. Nc3 exd5 5. cxd5 d6 6. e4 g6 7. Bd3 Bg7 8. Nf3
Bg4 9. h3 Bxf3 10. Qxf3 O-O 11. Bf4 a6 12. a4 Qe7 13. O-O Nh5 14. Bh2 Be5 15.
Ra3 Nd7 16. Qe2 Nf4 17. Bxf4 Bxf4 18. g3 Be5 19. Rb3 Nf6 20. Nd1 Rab8 21. Bc2
Rfe8 22. Kg2 Bd4 23. Qd3 Qc7 24. Qf3 c4 25. Ra3 b5 26. axb5 axb5 27. Ra2 Kg7
28. Nc3 b4 29. Ne2 b3 30. Nxd4 bxa2 31. Qc3 Qb6 32. b3 cxb3 33. Bxb3 Rxe4 0-1

[Event "Oebro Nytaar 2019"]
[Site "Copenhagen"]
[Date "2019.12.27"]
[Round "1"]
[White "Nielsen, Marianne Izaura"]
[Black "Ramsdal, Jens Albert"]
[Result "0-1"]
[WhiteElo "1876"]
[BlackElo "2302"]
[PlyCount "40"]
[EventDate "2019.12.27"]
[EventType "swiss"]
[EventRounds "7"]
[EventCountry "DEN"]

1. e4 c5 2. Nf3 e6 3. d4 cxd4 4. Nxd4 Nc6 5. Nc3 Qc7 6. Be3 a6 7. Qf3 Nf6 8.
O-O-O Bb4 9. Nxc6 bxc6 10. Bf4 Qa5 11. Bd6 Bxd6 12. Rxd6 Rb8 13. Qg3 Qb4 14. b3
O-O 15. Rd3 d5 16. f3 a5 17. e5 Nh5 18. Qg4 Nf4 19. Kd2 Nxd3 20. Kxd3 Ba6+ 0-1

[Event "Oebro Nytaar 2019"]
[Site "Copenhagen"]
[Date "2019.12.27"]
[Round "1"]
[White "Nielsen, Viktor Haarmark"]
[Black "Hyldkrog, Mikkel"]
[Result "1-0"]
[WhiteElo "2291"]
[BlackElo "1855"]
[PlyCount "95"]
[EventDate "2019.12.27"]
[EventType "swiss"]
[EventRounds "7"]
[EventCountry "DEN"]

1. e4 e6 2. d4 d5 3. Nc3 Bb4 4. e5 c5 5. a3 Bxc3+ 6. bxc3 Qc7 7. Qg4 f5 8. Qg3
Ne7 9. Ne2 O-O 10. Bg5 Nbc6 11. h4 cxd4 12. cxd4 Qa5+ 13. c3 b5 14. Bd2 Qa4 15.
Qd3 a5 16. Qb1 Rb8 17. Qb2 Bd7 18. Nc1 Nd8 19. Bg5 Re8 20. Bd3 h6 21. Bxe7 Rxe7
22. Nb3 Nb7 23. Nd2 b4 24. axb4 Qc6 25. bxa5 Ra8 26. a6 Nd8 27. Qb4 Kf7 28. Nb3
Bc8 29. Nc5 Rea7 30. Rb1 Bxa6 31. Bxa6 Rxa6 32. Nxa6 Qxa6 33. Kd2 Qa2+ 34. Rb2
Qa7 35. Rhb1 Kg6 36. Qb5 Qe7 37. g3 Kh7 38. Qc5 Qf7 39. Qb5 Qc7 40. Qd3 Rc8 41.
Rb6 Qa7 42. Qa6 Qc7 43. R1b3 Kh8 44. Qb5 Ra8 45. Rb8 Ra2+ 46. Rb2 Rxb2+ 47.
Qxb2 Kh7 48. Qb6 1-0

[Event "Oebro Nytaar 2019"]
[Site "Copenhagen"]
[Date "2019.12.27"]
[Round "1"]
[White "Brondt, Nicolai Kvist"]
[Black "Saravana, Vedant Kumar"]
[Result "1-0"]
[WhiteElo "2244"]
[BlackElo "1852"]
[PlyCount "99"]
[EventDate "2019.12.27"]
[EventType "swiss"]
[EventRounds "7"]
[EventCountry "DEN"]

1. d4 d5 2. c4 c6 3. Nc3 Nf6 4. e3 e6 5. Nf3 Nbd7 6. Qc2 Bd6 7. b3 O-O 8. Be2
b6 9. O-O Bb7 10. Bb2 Qe7 11. Rad1 Ba3 12. Ba1 Bd6 13. e4 dxe4 14. Nxe4 Nxe4
15. Qxe4 Nf6 16. Qh4 Nd7 17. Qh3 Rad8 18. Bd3 Nf6 19. c5 Bf4 20. d5 e5 21. d6
Qe8 22. Rfe1 Bc8 23. Bf5 Bxf5 24. Qxf5 Qd7 25. Qxd7 Nxd7 26. g3 Bh6 27. Nxe5
Nxe5 28. Rxe5 g6 29. Re7 bxc5 30. Rxa7 Bg7 31. Bxg7 Kxg7 32. Rc7 Kf6 33. Rxc6
Ke6 34. d7+ Ke7 35. Rcd6 f5 36. f4 Rg8 37. R6d5 Rg7 38. Kf2 Rf7 39. a4 Rf6 40.
Re5+ Re6 41. Rxe6+ Kxe6 42. Ke3 Ke7 43. Rd3 Rxd7 44. Rxd7+ Kxd7 45. Kd3 Kd6 46.
Kc4 Kc6 47. a5 h6 48. a6 Kb6 49. a7 Kxa7 50. Kxc5 1-0

[Event "Oebro Nytaar 2019"]
[Site "Copenhagen"]
[Date "2019.12.27"]
[Round "1"]
[White "Tandrup, Michael"]
[Black "Hector, Jonny"]
[Result "0-1"]
[WhiteElo "1948"]
[BlackElo "2475"]
[PlyCount "40"]
[EventDate "2019.12.27"]
[EventType "swiss"]
[EventRounds "7"]
[EventCountry "DEN"]

1. c4 e5 2. g3 h5 3. e4 h4 4. d3 Bc5 5. Qe2 Nc6 6. Nf3 d6 7. Be3 Bg4 8. h3 hxg3
9. fxg3 Bxe3 10. Qxe3 Bxf3 11. Qxf3 Qg5 12. Na3 Nd4 13. Qf2 Rh6 14. h4 Qg4 15.
Bh3 Qh5 16. g4 Qxh4 17. Qxh4 Rxh4 18. O-O-O Ne2+ 19. Kd2 Nf4 20. Bg2 Nxg2 0-1

[Event "Oebro Nytaar 2019"]
[Site "Copenhagen"]
[Date "2019.12.27"]
[Round "1"]
[White "Vasli, Aref"]
[Black "Bjorneboe, Kristian"]
[Result "1-0"]
[WhiteElo "2413"]
[BlackElo "1935"]
[PlyCount "71"]
[EventDate "2019.12.27"]
[EventType "swiss"]
[EventRounds "7"]
[EventCountry "DEN"]

1. e4 c6 2. d4 d5 3. exd5 cxd5 4. c4 Nf6 5. Nc3 e6 6. Nf3 Be7 7. a3 dxc4 8.
Bxc4 O-O 9. O-O Nc6 10. Re1 a6 11. Ba2 Nd5 12. Ne4 Nf6 13. Qd3 Nxe4 14. Qxe4
Bf6 15. Be3 g6 16. Rad1 Ne7 17. Bh6 Bg7 18. Bg5 Qc7 19. Rc1 Qd6 20. Bf4 Qb6 21.
b4 Nd5 22. Be5 Bd7 23. Bxg7 Kxg7 24. Bxd5 exd5 25. Qxd5 Bc6 26. Qe5+ f6 27. Qf4
Rf7 28. Nd2 Rd8 29. Nb3 Rd5 30. Nc5 Kg8 31. Ne6 Qa7 32. Rc5 g5 33. Rxd5 Bxd5
34. Nxg5 Rf8 35. Qf5 Qxd4 36. Qxh7# 1-0

[Event "Oebro Nytaar 2019"]
[Site "Copenhagen"]
[Date "2019.12.28"]
[Round "2"]
[White "Andersen, Rune"]
[Black "Vasli, Aref"]
[Result "0-1"]
[WhiteElo "2121"]
[BlackElo "2413"]
[PlyCount "78"]
[EventDate "2019.12.27"]
[EventType "swiss"]
[EventRounds "7"]
[EventCountry "DEN"]

1. d4 Nf6 2. c4 e6 3. Nf3 c5 4. d5 exd5 5. cxd5 d6 6. Nc3 g6 7. Nd2 Bg7 8. Nc4
O-O 9. Bf4 Ne8 10. Qd2 b6 11. a4 Ba6 12. Nb5 Bxb5 13. axb5 Nd7 14. e4 Qe7 15.
Bd3 Ne5 16. Bxe5 Bxe5 17. Nxb6 Rb8 18. Nc4 f5 19. Nxe5 Qxe5 20. Rxa7 fxe4 21.
Be2 Qd4 22. Qxd4 cxd4 23. Bc4 Nf6 24. O-O Ng4 25. b3 d3 26. Re7 Ne5 27. Re1
Rfc8 28. Kf1 Nxc4 29. bxc4 Rxc4 30. R7xe4 Rxe4 31. Rxe4 Rxb5 32. Ke1 Rxd5 33.
Kd2 Kf7 34. Re3 Rg5 35. g3 Rf5 36. f3 Rd5 37. h4 Kf6 38. g4 Rd4 39. Kc3 d2 0-1

[Event "Oebro Nytaar 2019"]
[Site "Copenhagen"]
[Date "2019.12.28"]
[Round "2"]
[White "Haubro, Martin"]
[Black "Gregor, Bjarke"]
[Result "1-0"]
[WhiteElo "2349"]
[BlackElo "2080"]
[PlyCount "57"]
[EventDate "2019.12.27"]
[EventType "swiss"]
[EventRounds "7"]
[EventCountry "DEN"]

1. e4 c5 2. Nf3 d6 3. d4 cxd4 4. Nxd4 Nf6 5. Nc3 a6 6. Bg5 e6 7. f4 h6 8. Bh4
Qb6 9. a3 Be7 10. Bf2 Qc7 11. Qf3 b5 12. O-O-O Bb7 13. g4 Nc6 14. Nxc6 Bxc6 15.
h4 Rc8 16. Bd3 d5 17. e5 Nd7 18. g5 b4 19. axb4 Bxb4 20. Bd4 Qa5 21. f5 Nxe5
22. Qe2 Nxd3+ 23. Qxd3 Bb5 24. Qe3 Qa1+ 25. Nb1 Ba4 26. Rh2 Bxc2 27. Rxc2 Rxc2+
28. Kxc2 O-O 29. Nc3 1-0

[Event "Oebro Nytaar 2019"]
[Site "Copenhagen"]
[Date "2019.12.28"]
[Round "2"]
[White "Haubro, Sigfred"]
[Black "Carstensen, Jacob"]
[Result "1/2-1/2"]
[WhiteElo "2098"]
[BlackElo "2358"]
[PlyCount "93"]
[EventDate "2019.12.27"]
[EventType "swiss"]
[EventRounds "7"]
[EventCountry "DEN"]

1. Nf3 d5 2. d4 Nf6 3. e3 e6 4. Bd3 Bd6 5. Nbd2 Nbd7 6. c3 e5 7. dxe5 Nxe5 8.
Nxe5 Bxe5 9. Nf3 Bd6 10. Qc2 O-O 11. Bd2 c5 12. c4 dxc4 13. Bxc4 b6 14. Bc3 Qe7
15. Ng5 Be5 16. Bxe5 Qxe5 17. Nf3 Qe7 18. O-O Bb7 19. a4 Nd5 20. Qf5 g6 21. Qg4
Rad8 22. a5 Nf6 23. Qg5 Bxf3 24. gxf3 b5 25. Bxb5 Rd5 26. Qg2 Rfd8 27. Bc4 Rd2
28. b3 Kg7 29. Rfe1 Nd5 30. Qg3 Nb4 31. Rf1 Nc2 32. Rac1 Na3 33. Qf4 R8d6 34.
e4 R2d4 35. Qe3 Nxc4 36. Rxc4 Rxc4 37. bxc4 Rd4 38. Rc1 h5 39. Kg2 Kh7 40. Rc3
Qc7 41. e5 Qxa5 42. e6 fxe6 43. Qxe6 Qc7 44. Ra3 a5 45. Rxa5 Qxa5 46. Qf7+ Kh6
47. Qf8+ 1/2-1/2

[Event "Oebro Nytaar 2019"]
[Site "Copenhagen"]
[Date "2019.12.28"]
[Round "2"]
[White "Hector, Jonny"]
[Black "Pedersen, Martin Rosenkilde"]
[Result "1-0"]
[WhiteElo "2475"]
[BlackElo "2133"]
[PlyCount "55"]
[EventDate "2019.12.27"]
[EventType "swiss"]
[EventRounds "7"]
[EventCountry "DEN"]

1. e4 e5 2. Nf3 Nc6 3. Bc4 Nf6 4. Qe2 Be7 5. d4 d6 6. dxe5 Nxe5 7. Nxe5 dxe5 8.
O-O O-O 9. Rd1 Qe8 10. Bg5 Nd7 11. Be3 Kh8 12. a4 a5 13. Na3 c6 14. Ba2 Bxa3
15. bxa3 Qe7 16. Qc4 Qh4 17. f3 f5 18. exf5 Qxc4 19. Bxc4 Nf6 20. g4 Bd7 21.
Rd6 Be8 22. Rb1 Bf7 23. Be2 Nd5 24. Bd2 g6 25. Rxb7 gxf5 26. gxf5 Bg8 27. Bh6
Rf7 28. Rdd7 1-0

[Event "Oebro Nytaar 2019"]
[Site "Copenhagen"]
[Date "2019.12.28"]
[Round "2"]
[White "Johansson, Thomas"]
[Black "Petersen, Nils"]
[Result "1-0"]
[WhiteElo "2241"]
[BlackElo "1986"]
[PlyCount "101"]
[EventDate "2019.12.27"]
[EventType "swiss"]
[EventRounds "7"]
[EventCountry "DEN"]

1. d4 Nf6 2. Nf3 e6 3. Bf4 c5 4. e3 Qb6 5. Nc3 cxd4 6. exd4 a6 7. a3 Be7 8. Be2
O-O 9. O-O d6 10. b4 Bd7 11. d5 e5 12. Bg5 h6 13. Bxf6 Bxf6 14. Ne4 Be7 15. c4
f5 16. c5 Qd8 17. Nxd6 Bxd6 18. cxd6 Bb5 19. Bxb5 axb5 20. Nxe5 Qxd6 21. Nf3
Na6 22. Qd3 Nc7 23. Rfd1 Rad8 24. Rac1 Qxd5 25. Qf1 Qf7 26. Ne5 Rxd1 27. Qxd1
Qe6 28. Nd7 Re8 29. h3 Na6 30. Nc5 Nxc5 31. Rxc5 Qe1+ 32. Qxe1 Rxe1+ 33. Kh2
Ra1 34. Rxf5 Rxa3 35. Rxb5 Ra7 36. h4 Kf7 37. h5 Ke6 38. g4 Kd6 39. Rb6+ Kd5
40. Kg3 Ke5 41. f3 Kd5 42. Kf4 Ra6 43. Rxb7 Rf6+ 44. Kg3 g6 45. hxg6 Rxg6 46.
f4 Kc6 47. Rb8 Kc7 48. Rb5 Kc6 49. Ra5 Kb6 50. Re5 Rg8 51. Kh4 1-0

[Event "Oebro Nytaar 2019"]
[Site "Copenhagen"]
[Date "2019.12.28"]
[Round "2"]
[White "Kakulidis, Ellen"]
[Black "Brondt, Nicolai Kvist"]
[Result "1/2-1/2"]
[WhiteElo "2029"]
[BlackElo "2244"]
[PlyCount "89"]
[EventDate "2019.12.27"]
[EventType "swiss"]
[EventRounds "7"]
[EventCountry "DEN"]

1. d4 Nf6 2. g3 e6 3. Nf3 c5 4. Bg2 cxd4 5. Nxd4 d5 6. O-O Bc5 7. Nb3 Bb6 8.
Nc3 Nc6 9. e4 d4 10. Na4 O-O 11. Nxb6 Qxb6 12. e5 Nd7 13. Bxc6 bxc6 14. Qxd4
Qxd4 15. Nxd4 c5 16. Nb3 c4 17. Na5 Nxe5 18. f4 Ng6 19. Rd1 c3 20. bxc3 e5 21.
fxe5 Bg4 22. Re1 Rac8 23. Bb2 Rc5 24. Nb3 Rxe5 25. c4 Re6 26. Rxe6 Bxe6 27. c5
Rc8 28. Rd1 h5 29. Bd4 h4 30. Kf2 hxg3+ 31. hxg3 Ne7 32. Nd2 Nc6 33. c3 Bxa2
34. Ne4 Rb8 35. Rd2 Be6 36. Nd6 a5 37. Ke3 a4 38. c4 Rb4 39. Rc2 a3 40. Ba1 Rb1
41. Bc3 Rg1 42. Kf3 Rb1 43. Ke3 Rg1 44. Kf3 Rb1 45. Ke3 1/2-1/2

[Event "Oebro Nytaar 2019"]
[Site "Copenhagen"]
[Date "2019.12.28"]
[Round "2"]
[White "Kristiansen, Jens"]
[Black "Lilja, Richard"]
[Result "1-0"]
[WhiteElo "2408"]
[BlackElo "2119"]
[PlyCount "93"]
[EventDate "2019.12.27"]
[EventType "swiss"]
[EventRounds "7"]
[EventCountry "DEN"]

1. d4 Nf6 2. c4 g6 3. Nc3 Bg7 4. e4 d6 5. Nf3 O-O 6. Be2 e5 7. d5 a5 8. Bg5 h6
9. Bh4 Na6 10. Nd2 Qe8 11. O-O Bd7 12. b3 Nh7 13. a3 f5 14. exf5 gxf5 15. Bh5
Qc8 16. Be7 Re8 17. Bxe8 Qxe8 18. Bh4 Nf8 19. f3 e4 20. Rc1 Bxc3 21. Rxc3 e3
22. Ne4 fxe4 23. Rxe3 Qh5 24. Bf6 Nh7 25. Bc3 Nc5 26. b4 axb4 27. axb4 Na4 28.
Ba1 Nb6 29. Rxe4 Ng5 30. Re7 Nf7 31. c5 dxc5 32. bxc5 Bh3 33. cxb6 Bxg2 34.
Kxg2 Qg5+ 35. Kh1 Qxe7 36. Qd4 Rxa1 37. Rxa1 cxb6 38. Ra8+ Kh7 39. Qe4+ Qxe4
40. fxe4 Kg7 41. Rb8 Nd6 42. e5 Nc4 43. Rxb7+ Kg6 44. e6 Kf6 45. Rf7+ Ke5 46.
e7 Nd6 47. Rf8 1-0

[Event "Oebro Nytaar 2019"]
[Site "Copenhagen"]
[Date "2019.12.28"]
[Round "2"]
[White "Matthiesen, Martin"]
[Black "Mortensen, Henrik"]
[Result "1-0"]
[WhiteElo "2249"]
[BlackElo "1998"]
[PlyCount "79"]
[EventDate "2019.12.27"]
[EventType "swiss"]
[EventRounds "7"]
[EventCountry "DEN"]

1. d4 Nf6 2. c4 c5 3. d5 d6 4. Nc3 g6 5. e4 Bg7 6. h3 O-O 7. Nf3 a6 8. a4 a5 9.
Bd3 Na6 10. O-O Nb4 11. Bb1 e5 12. Re1 Ne8 13. Nh2 Nf6 14. Ra3 Nh5 15. Nb5 Qe7
16. Kh1 Bd7 17. Be3 Bxb5 18. axb5 b6 19. Ng4 Nf4 20. f3 h5 21. Nf2 Qh4 22. Kh2
Qe7 23. g3 g5 24. gxf4 exf4 25. Bc1 Be5 26. Rg1 Kh8 27. Kg2 Rg8 28. Nd3 Nxd3
29. Qxd3 Qf6 30. Kf1 Rg6 31. Ra2 Rag8 32. b3 Kg7 33. Rag2 Kf8 34. Ke2 Ke7 35.
Kd1 Bd4 36. Rf1 Qe5 37. Qd2 Ra8 38. Bb2 Bxb2 39. Qxb2 Qxb2 40. Rxb2 1-0

[Event "Oebro Nytaar 2019"]
[Site "Copenhagen"]
[Date "2019.12.28"]
[Round "2"]
[White "Ramsdal, Jens Albert"]
[Black "Ertbjerg, Andreas Lund"]
[Result "0-1"]
[WhiteElo "2302"]
[BlackElo "2037"]
[PlyCount "84"]
[EventDate "2019.12.27"]
[EventType "swiss"]
[EventRounds "7"]
[EventCountry "DEN"]

1. d4 Nf6 2. Nf3 g6 3. b3 Bg7 4. Bb2 d6 5. Nbd2 O-O 6. e3 c5 7. Bd3 Nc6 8. O-O
Bd7 9. c4 Qc7 10. d5 Ne5 11. Ne1 Nxd3 12. Nxd3 b5 13. e4 bxc4 14. bxc4 e5 15.
h3 Ne8 16. f4 exf4 17. Bxg7 Nxg7 18. Rxf4 f5 19. Qc2 Rae8 20. Raf1 Qd8 21. Qc3
Qg5 22. e5 Nh5 23. R4f3 dxe5 24. Nxc5 Bc8 25. d6 Nf6 26. Rg3 Qh6 27. Rd3 e4 28.
Rd4 Qg7 29. Re1 Nd7 30. Nxd7 Bxd7 31. c5 Rc8 32. Rc4 Bb5 33. Qxg7+ Kxg7 34.
Rcc1 Kf6 35. Nb3 Ke5 36. Na5 Rfd8 37. Red1 e3 38. Nc4+ Bxc4 39. Rxc4 e2 40.
Rdc1 Rxd6 41. Kf2 Rd2 42. Ra4 Rd1 0-1

[Event "Oebro Nytaar 2019"]
[Site "Copenhagen"]
[Date "2019.12.28"]
[Round "2"]
[White "Skou, Niels"]
[Black "Nielsen, Viktor Haarmark"]
[Result "0-1"]
[WhiteElo "2079"]
[BlackElo "2291"]
[PlyCount "64"]
[EventDate "2019.12.27"]
[EventType "swiss"]
[EventRounds "7"]
[EventCountry "DEN"]

1. d4 d5 2. c4 e6 3. Nc3 Bb4 4. Nf3 Nf6 5. Qc2 dxc4 6. e4 b5 7. Bg5 h6 8. Bxf6
Qxf6 9. Be2 Bb7 10. O-O Bxc3 11. e5 Qe7 12. bxc3 Qa3 13. Nd2 a6 14. f4 Nd7 15.
f5 exf5 16. Rxf5 O-O 17. Raf1 Rae8 18. Bf3 Bxf3 19. R1xf3 Re6 20. Ne4 Qe7 21.
Qf2 f6 22. exf6 Nxf6 23. Nxf6+ Rfxf6 24. h3 Re2 25. Qh4 Re1+ 26. Kh2 Rxf5 27.
Qxe7 Rxe7 28. Rxf5 Re3 29. a4 c6 30. Rc5 Rxc3 31. Rxc6 b4 32. Rxa6 Ra3 0-1

[Event "Oebro Nytaar 2019"]
[Site "Copenhagen"]
[Date "2019.12.28"]
[Round "3"]
[White "Carstensen, Jacob"]
[Black "Kovshoj, Sune"]
[Result "1-0"]
[WhiteElo "2358"]
[BlackElo "2195"]
[PlyCount "161"]
[EventDate "2019.12.27"]
[EventType "swiss"]
[EventRounds "7"]
[EventCountry "DEN"]

1. d4 f5 2. e4 fxe4 3. Nc3 Nf6 4. Bg5 g6 5. h4 d5 6. h5 Bf5 7. Bxf6 exf6 8. g4
Be6 9. hxg6 Qd7 10. f3 Bd6 11. Qd2 Nc6 12. O-O-O exf3 13. Bd3 O-O-O 14. Rxh7
Rxh7 15. gxh7 Nb4 16. Nxf3 Nxd3+ 17. Qxd3 Rh8 18. Rh1 f5 19. gxf5 Bxf5 20. Qe3
c6 21. Ne5 Bxe5 22. Qxe5 Rxh7 23. Rf1 Rf7 24. b4 Qe6 25. Qh8+ Kc7 26. Kb2 Qd6
27. a3 Qf6 28. Qe8 Rf8 29. Qe3 Qd6 30. Qg5 Bd7 31. Rxf8 Qxf8 32. b5 Qd6 33. Qg7
b6 34. bxc6 Kxc6 35. Qg8 Kb7 36. Nxd5 a5 37. Qf7 Ka6 38. Qf1+ Ka7 39. Qf7 Ka6
40. Qf3 Bc6 41. Qd3+ Bb5 42. Qb3 Qc6 43. Ne3 Qe4 44. Qc3 Bc6 45. Nc4 Qd5 46.
Ne5 Bb7 47. a4 Ka7 48. Nc4 Bc6 49. Ka3 Qd7 50. Ne5 Qd6+ 51. Kb3 Bd5+ 52. Kb2
Be6 53. Kc1 Bd5 54. Kd2 Qh6+ 55. Qe3 Qh2+ 56. Kc1 Qg2 57. Kb2 Kb7 58. Qd3 Be4
59. Qc4 Qd2 60. Qc3 Qg2 61. Nc4 Qg6 62. Qb3 Ka7 63. Ne5 Qg2 64. Nc4 Qg6 65. Qb5
Bb7 66. Qd7 Qe4 67. Qd6 Qc6 68. Kb3 Qf3+ 69. Kb2 Qc6 70. Qxc6 Bxc6 71. Ka3 Kb7
72. Nd6+ Kc7 73. Nb5+ Bxb5 74. axb5 Kd6 75. c4 Ke6 76. Kb3 Kd6 77. Kc3 Ke6 78.
c5 bxc5 79. dxc5 Kd5 80. c6 Kd6 81. Kc4 1-0

[Event "Oebro Nytaar 2019"]
[Site "Copenhagen"]
[Date "2019.12.28"]
[Round "3"]
[White "Ertbjerg, Andreas Lund"]
[Black "Kristiansen, Jens"]
[Result "0-1"]
[WhiteElo "2037"]
[BlackElo "2408"]
[PlyCount "82"]
[EventDate "2019.12.27"]
[EventType "swiss"]
[EventRounds "7"]
[EventCountry "DEN"]

1. e4 c5 2. d4 cxd4 3. c3 d3 4. Bxd3 Nc6 5. c4 d6 6. Nc3 Nf6 7. h3 e6 8. Nf3
Be7 9. O-O O-O 10. Be3 b6 11. Qe2 Bb7 12. Rad1 Nd7 13. Bb1 a6 14. Nh2 Qc7 15.
f4 Na5 16. Rc1 Rac8 17. b3 Qb8 18. Qf2 Bc6 19. Ng4 b5 20. cxb5 axb5 21. Qg3 b4
22. Bd4 f6 23. Nd1 Bb5 24. Rxc8 Rxc8 25. e5 dxe5 26. fxe5 Bxf1 27. Qh4 f5 28.
Qxe7 fxg4 29. Qxe6+ Kh8 30. Qxd7 Qb7 31. Qxb7 Nxb7 32. Kxf1 Rd8 33. Be4 Rxd4
34. Bxb7 Rxd1+ 35. Ke2 Rd7 36. Bc8 gxh3 37. gxh3 Rc7 38. Bf5 g6 39. Bg4 h5 40.
Bf3 Re7 41. Kd3 Rxe5 0-1

[Event "Oebro Nytaar 2019"]
[Site "Copenhagen"]
[Date "2019.12.28"]
[Round "3"]
[White "Lynderup, Mads Baek"]
[Black "Vesterli, Michael E"]
[Result "0-1"]
[WhiteElo "1710"]
[BlackElo "2217"]
[PlyCount "108"]
[EventDate "2019.12.27"]
[EventType "swiss"]
[EventRounds "7"]
[EventCountry "DEN"]

1. c4 Nf6 2. g3 g6 3. Bg2 Bg7 4. Nc3 O-O 5. d3 d6 6. Bg5 h6 7. Bd2 Nc6 8. a3 a5
9. Rb1 e5 10. e4 Nd4 11. h3 Be6 12. Nge2 Nxe2 13. Nxe2 Qc8 14. Qc1 Kh7 15. g4
Nd7 16. b4 axb4 17. axb4 f5 18. exf5 gxf5 19. g5 hxg5 20. Bxg5 f4 21. Be4+ Bf5
22. Rg1 Nf6 23. Qc2 Nxe4 24. dxe4 Be6 25. h4 Qe8 26. Kd2 Qc6 27. Rgc1 Ra3 28.
Qb2 Rfa8 29. Ra1 Rxa1 30. Rxa1 Rxa1 31. Qxa1 Qxc4 32. Qb1 Bg4 33. Ng1 b5 34. f3
Qd4+ 35. Qd3 Qxg1 36. fxg4 Qxg4 37. Qe2 Qxe2+ 38. Kxe2 Kg6 39. Bd8 c6 40. Be7
d5 41. exd5 cxd5 42. Kf3 Bf6 43. Bd6 Kh5 44. Bc7 Kxh4 45. Bd6 Kg5 46. Bc5 e4+
47. Kf2 Kg4 48. Bd6 Bd4+ 49. Kf1 f3 50. Bc5 Be5 51. Bg1 d4 52. Ke1 e3 53. Kf1
e2+ 54. Ke1 Bg3+ 0-1

[Event "Oebro Nytaar 2019"]
[Site "Copenhagen"]
[Date "2019.12.28"]
[Round "3"]
[White "Nielsen, Viktor Haarmark"]
[Black "Haubro, Martin"]
[Result "0-1"]
[WhiteElo "2291"]
[BlackElo "2349"]
[PlyCount "120"]
[EventDate "2019.12.27"]
[EventType "swiss"]
[EventRounds "7"]
[EventCountry "DEN"]

1. e4 c5 2. Nf3 d6 3. d4 cxd4 4. Nxd4 Nf6 5. f3 Nc6 6. c4 e5 7. Nb3 a5 8. Be3
a4 9. Nc1 Be7 10. Be2 O-O 11. O-O Be6 12. Nc3 Qa5 13. Nd5 Bxd5 14. cxd5 Nb8 15.
Nd3 Na6 16. Qe1 Qxe1 17. Rfxe1 Nd7 18. b4 axb3 19. axb3 h6 20. Rec1 f5 21. exf5
Nf6 22. Nf2 Nb4 23. Rxa8 Rxa8 24. Ne4 Kf8 25. Nxf6 Bxf6 26. Bc4 Ra2 27. Rd1 Bg5
28. Bxg5 hxg5 29. Rc1 Ke7 30. g3 Kf6 31. Bf1 Nc2 32. Kh1 Nd4 33. Bg2 Nxb3 34.
Rd1 Kxf5 35. Bf1 Ra1 36. Bd3+ e4 37. Bxe4+ Kf6 38. Bb1 Nc5 39. Kg2 b5 40. f4
gxf4 41. gxf4 b4 42. Kf3 Ra3+ 43. Kf2 Rh3 44. Kg2 Rc3 45. Kf2 b3 46. Rg1 Nd3+
47. Ke3 Rc1 48. Rxc1 Nxc1 49. Kd2 Na2 50. Kd3 Kf5 51. Kc4+ Kxf4 52. Kxb3 Nc1+
53. Kc2 Ne2 54. Kd3 Ng1 55. h4 Nf3 56. h5 Kg5 57. Ke3 Ne5 58. Bc2 Ng4+ 59. Kf3
Nf6 60. Bd1 Nxh5 0-1

[Event "Oebro Nytaar 2019"]
[Site "Copenhagen"]
[Date "2019.12.28"]
[Round "3"]
[White "Olsen, Aage Dalstrup"]
[Black "Thuesen, Mogens Henrik"]
[Result "1/2-1/2"]
[WhiteElo "1997"]
[BlackElo "2204"]
[PlyCount "35"]
[EventDate "2019.12.27"]
[EventType "swiss"]
[EventRounds "7"]
[EventCountry "DEN"]

1. e4 c5 2. d4 cxd4 3. c3 d5 4. exd5 Qxd5 5. cxd4 e5 6. Nf3 Nc6 7. Nc3 Bb4 8.
Be3 Bg4 9. Be2 Bxf3 10. Bxf3 e4 11. Be2 Nf6 12. O-O Qf5 13. Qb3 O-O 14. Rad1
Bxc3 15. bxc3 Na5 16. Qa4 b6 17. c4 Rac8 18. h3 1/2-1/2